[Event "GER-chT Betriebe 15th"]
[Site "Munich"]
[Date "2015.10.25"]
[Round "7.1"]
[White "Jacobsen, Ruediger"]
[Black "Haehnle, Bernd"]
[Result "1/2-1/2"]
[WhiteElo "1523"]
[BlackElo "1959"]
[PlyCount "49"]
[EventDate "2015.10.22"]
[EventType "team-swiss"]
[EventRounds "7"]
[EventCountry "GER"]
[SourceTitle "EXT 2020"]
[Source "ChessBase"]
[SourceDate "2019.10.17"]
[SourceVersion "1"]
[SourceVersionDate "2019.10.17"]
[SourceQuality "1"]
[WhiteTeam "Bremen Airbus"]
[BlackTeam "Heilbronn Kreissparkasse"]
[WhiteTeamCountry "GER"]
[BlackTeamCountry "GER"]

1. e4 c6 2. Nc3 d5 3. d4 dxe4 4. Nxe4 Bf5 5. Ng3 Bg6 6. Nf3 Nd7 7. Nh4 Ngf6 8. Nxg6 hxg6 9. Bc4 Qc7 10. Qf3 e5 11. Qb3 Nb6 12. Be3 Nxc4 13. Qxc4 Ng4 14. 0-0-0 0-0-0 15. Ne4 Nxe3 16. fxe3 exd4 17. Rhf1 Qe5 18. Rxd4 Rxd4 19. Qxd4 Qxd4 20. exd4 f5 21. Ng5 Be7 22. Nf3 Bd6 23. h3 Bg3 24. Kd2 Re8 25. Kd3 1/2-1/2

[Event "GER-chT Betriebe 15th"]
[Site "Munich"]
[Date "2015.10.23"]
[Round "4.1"]
[White "Haehnle, Bernd"]
[Black "Hiltner, Karlpeter"]
[Result "1/2-1/2"]
[WhiteElo "1959"]
[BlackElo "1805"]
[PlyCount "72"]
[EventDate "2015.10.22"]
[EventType "team-swiss"]
[EventRounds "7"]
[EventCountry "GER"]
[SourceTitle "EXT 2020"]
[Source "ChessBase"]
[SourceDate "2019.10.17"]
[SourceVersion "1"]
[SourceVersionDate "2019.10.17"]
[SourceQuality "1"]
[WhiteTeam "Heilbronn Kreissparkasse"]
[BlackTeam "Muenchen EPA IV"]
[WhiteTeamCountry "GER"]
[BlackTeamCountry "GER"]

1. d4 d5 2. Nf3 c6 3. Bf4 Bf5 4. e3 Nd7 5. Bd3 Bg6 6. h4 Ndf6 7. Ne5 e6 8. Nxg6 hxg6 9. Nd2 Bd6 10. Bg5 Ne7 11. c3 Nh7 12. Bxe7 Qxe7 13. Qa4 f5 14. g4 Nf8 15. gxf5 gxf5 16. Nf3 g6 17. 0-0-0 a6 18. Rdg1 Rh5 19. Ng5 b5 20. Qc2 c5 21. Be2 Rh6 22. Kb1 c4 23. Bf3 a5 24. Bg2 Qd7 25. e4 fxe4 26. f3 e3 27. Qe2 Bf4 28. Nh3 Qd6 29. Bf1 e5 30. dxe5 Qxe5 31. Nxf4 Qxf4 32. Rg4 Qe5 33. Rg5 Qe6 34. Bh3 Qe7 35. Rxd5 Rd8 36. Rxb5 Rxh4 1/2-1/2

[Event "GER-chT Betriebe 15th"]
[Site "Munich"]
[Date "2015.10.22"]
[Round "1.1"]
[White "Hein, Ralf"]
[Black "Haehnle, Bernd"]
[Result "0-1"]
[WhiteElo "2040"]
[BlackElo "1959"]
[PlyCount "30"]
[EventDate "2015.10.22"]
[EventType "team-swiss"]
[EventRounds "7"]
[EventCountry "GER"]
[SourceTitle "EXT 2020"]
[Source "ChessBase"]
[SourceDate "2019.10.17"]
[SourceVersion "1"]
[SourceVersionDate "2019.10.17"]
[SourceQuality "1"]
[WhiteTeam "Hamburg Baubehoerde"]
[BlackTeam "Heilbronn Kreissparkasse"]
[WhiteTeamCountry "GER"]
[BlackTeamCountry "GER"]

1. c4 c6 2. Nc3 d5 3. cxd5 cxd5 4. d4 Nc6 5. Nf3 Nf6 6. e3 a6 7. Bd3 Bg4 8. h3 Bh5 9. a3 e6 10. Bd2 Bd6 11. Rc1 0-0 12. g4 Bg6 13. Bxg6 fxg6 14. Na4 Ne4 15. 0-0 Rxf3 0-1